Biblioteca

Según Hechos : (Registro nro. 33540)

Detalles MARC
000 -LÍDER
Campo fijo de descripción fija 00940nam a22002897a 4500
001 - NÚMERO DE CONTROL
Campo de control 2793
003 - IDENTIFICADOR DEL NÚMERO DE CONTROL
Campo de control CO-MdFUSB
005 - FECHA Y HORA DE LA ULTIMA TRANSACCIÓN
control field 20251113111227.0
008 - ELEMENTOS DE LONGITUD FIJA -- INFORMACIÓN GENERAL
Campo fijo de descripción fija -- Información general 171127t1 sp ||||| |||| 00| 0 spa d
020 ## - NÚMERO INTERNACIONAL NORMALIZADO PARA LIBROS
Número Internacional Normalizado del libro 84-8267-057-3
040 ## - FUENTE DE CATALOGACIÓN
Agencia de catalogación original CO-MdFUSB
Idioma de catalogación spa
Agencia que realiza la transcripción CO-MdFUSB
Agencia que realiza la modificación CO-MdFUSBC
Convenciones de la descripción rda
041 0# - CÓDIGO DE IDIOMA
Código de idioma para texto/pista de sonido o título separado spa
Código de idioma original eng
082 04 - NÚMERO DE CLASIFICACIÓN DECIMAL DEWEY
Número de la edición del Dewey 23
Número de clasificación 226.6
Clave de autor-Numero de item G6525s
100 1# - ASIENTO PRINCIPAL--NOMBRE PERSONAL
Nombre personal Gooding, David W. (Willoughby)
Término relacionador autor
240 ## - TITULO UNIFORME
Título uniforme <a href="True to the faith">True to the faith</a>
245 10 - TÍTULO
Título del Material Según Hechos :
Parte restante del título - Subtitulo permaneciendo fiel a la fe
Mención de responsabilidad, etc. / David Gooding ; traducido por Daniel Menezo
264 #1 - PRODUCCIÓN, PUBLICACIÓN, DISTRIBUCIÓN, MANUFACTURA, Y COPYRIGHT
Lugar de producción, publicación, distribución, manufactura Barcelona, España :
Nombre del productor, publicador, distribuidor CLIE-Andamio,
Fecha de producción, publicación, distribución, manufactura, o copyright [1998]
264 #4 - PRODUCCIÓN, PUBLICACIÓN, DISTRIBUCIÓN, MANUFACTURA, Y COPYRIGHT
Fecha de producción, publicación, distribución, manufactura, o copyright ©1998
300 ## - DESCRIPCIÓN FÍSICA
Extensión 466 páginas
336 ## - TIPO DE CONTENIDO
Fuente rdacontent
Término de tipo de contenido texto
Código de tipo de contenido txt
337 ## - TIPO DE MEDIO
Fuente rdamedia
Nombre del tipo de medio sin mediación
Código del tipo de medio n
338 ## - TIPO DE SOPORTE
Fuente rdacarrier
Nombre del tipo de soporte volumen
Código Tipo de soporte nc
500 ## - NOTA GENERAL
Nota General Título original : True to the faith
653 ## - TÉRMINO DE INDIZACIÓN - NO CONTROLADO
Término no controlado Interpretación de la Biblia N.T - Hechos de los apóstoles
942 ## - TIPO DE MATERIAL (KOHA)
Tipo de Item KOHA Libros General
945 ## - INFORMACIÓN LOCAL DEL REGISTRO
Catalogador JTF-925
Existencias
Estado de Material Estado de Perdido Forma de Clasificación Estado de Dañado No para Préstamo Colección Tomo Biblioteca de Origen Biblioteca Permanente Fecha de Adquisición Total de Préstamos Total de Renovaciones Signatura Topográfica Código de Barras Última vez visto Última vez Préstado Ejemplar/Existencia Fecha de Remplazo Tipo de Material
    Dewey Decimal Classification     Colección General   Biblioteca FUSBC Biblioteca FUSBC 29/11/2004 25 5 G 226.6 G6525s 12062 05/06/2024 15/05/2024 Ej. 1 26/01/2016 Libros General
    Dewey Decimal Classification     Colección General   Biblioteca FUSBC Biblioteca FUSBC 29/11/2004     G 226.6 G6525s 23869 11/11/2025   Ej. 2 26/01/2016 Libros General

Biblioteca FUSBC | Teléfono: (57+4) 349 88 10 Ext. 141| WhatsApp (+57) 3005338115 
E-mail: biblioteca@unisbc.edu.co | Calle 76 87-14 Robledo Palenque, Medellín, Colombia

Con tecnología Koha